Statistics for Middle Earth Races

Click here to take the quiz!

General Stats

  • This quiz has been taken 108 times
  • The average score is 14 of 16

Answer Stats

HintAnswer% Correct
Samwise GamgeeHobbit
100%
Legolas GreenleafElf
99%
ElrondHalf-Elven
99%
BoromirMan
99%
Witch King of AngmarNazgul
99%
Thorin OakenshieldDwarf
97%
TreebeardEnts
96%
SmaugDragon
93%
Azog the DefilerOrc
93%
SarumanMaiar
92%
ShadowfaxMearas
85%
Durin's BaneBalrog
71%
GwaihirGreat Eagle
66%
LurtzUruk-hai
66%
MorgothAinur
58%
Tom, Bert and BillTrolls
52%

Score Distribution

Percentile by Number Answered

Percent of People with Each Score

Your Score History

You have not taken this quiz